| 000 | 00468nam a2200157Ia 4500 | ||
|---|---|---|---|
| 003 | LK-CoDNM | ||
| 008 | 010623t xxu||||| |||| 00| 1 sin d | ||
| 040 |
_aLK-CoDNM _dLK-CoDNM _eLK-CoDNM |
||
| 041 | _asin | ||
| 080 | _ax 92 | ||
| 245 | _aමහජන අගමැති ඇස්.ඩබිලිවි.ආර්.ඩී බණ්ඩාරනායක | ||
| 246 | _aMahajana agamethi S.W.R.D.Bandaranayaka | ||
| 300 | _b16, 22 cm | ||
| 650 | _aBiography | ||
| 942 | _cBK | ||
| 999 |
_c140232 _d140232 |
||